History Quiz

Random History or Year Quiz

Historical Events of 1939 Quiz Stats

 Plays Quiz Updated Nov 15, 2018

Support Sporcle.
Go Orange.
Score 0/20 Timer 05:00
12 Plays Today
Date Answer % Correct
September 1Poland
94%
November 8Adolf Hitler
85.1%
August 15Dorothy Gale
82%
March 3Mohandas Gandhi
77.8%
January 5Amelia Earhart
77.6%
May 1Batman
77.2%
November 16Alcatraz
75.7%
September 23Sigmund Freud
74.3%
August 2Albert Einstein
71.6%
December 14Soviet Union
70.2%
Date Answer % Correct
April 14The Grapes of Wrath
67.2%
June 23Thailand
64.2%
December 15Gone With the Wind
63.7%
October 18Lee Harvey Oswald
58.5%
June 12Cooperstown, New York
55.8%
March 14-16Czechoslovakia
53%
July 4Lou Gehrig
48%
December 2LaGuardia Airport
38.6%
April 1Spanish Civil War
31.4%
November 15Jefferson Memorial
30.2%

From the Vault

'oom' Words

by triviahappy

There's definitely more room for 'oom' words in our language.
Remove Ads.
Support Sporcle.
Get the best of Sporcle when you Go Orange. This ad-free experience offers more features, more stats, and more fun while also helping to support Sporcle. Thank you for becoming a member.

Show Comments

Extras

Top Quizzes Today


Score Distribution

Your Account Isn't Verified!

In order to create a playlist on Sporcle, you need to verify the email address you used during registration. Go to your Sporcle Settings to finish the process.

Report this User

Report this user for behavior that violates our Community Guidelines.

Details: